| Tag |
First Indicator |
Second Indicator |
Subfields |
| LEADER |
00000pam a22000004a 4500 |
| 001 |
in00001661421 |
| 005 |
20151024121433.0 |
| 008 |
010118s2002 mdua b 001 0 eng |
| 010 |
|
|
|a 2001000335
|
| 015 |
|
|
|a GBA1-V4271
|
| 016 |
7 |
|
|a 101085020
|2 DNLM
|
| 020 |
|
|
|a 0801867703 (pbk. : alk. paper)
|
| 020 |
|
|
|a 080186769X (alk. paper)
|
| 029 |
1 |
|
|a NLM
|b 101085020
|
| 029 |
1 |
|
|a UKM
|b bA1V4271
|
| 035 |
|
|
|a (OCoLC)ocm45799785
|
| 040 |
|
|
|a DNLM/DLC
|c DLC
|d YDX
|d NLM
|d UKM
|d UtOrBLW
|
| 042 |
|
|
|a pcc
|
| 049 |
|
|
|a TXAM
|
| 050 |
0 |
0 |
|a RC952.5
|b .E85 2002
|
| 060 |
1 |
0 |
|a WT 31
|b E84 2002
|
| 082 |
0 |
0 |
|a 174/.2
|2 21
|
| 245 |
0 |
0 |
|a Ethical patient care :
|b a casebook for geriatric health care teams /
|c edited by Mathy D. Mezey [and others].
|
| 264 |
|
1 |
|a Baltimore :
|b Johns Hopkins University Press,
|c 2002.
|
| 300 |
|
|
|a xvii, 354 pages :
|b illustrations ;
|c 23 cm.
|
| 336 |
|
|
|a text
|b txt
|2 rdacontent
|
| 337 |
|
|
|a unmediated
|b n
|2 rdamedia
|
| 338 |
|
|
|a volume
|b nc
|2 rdacarrier
|
| 504 |
|
|
|a Includes bibliographical references and index.
|
| 505 |
1 |
|
|a An introduction to bioethics as it relates to teams and geriatrics / Christine K. Cassel, Mathy D. Mezey, and Melissa M. Bottrell -- Using this book as a teaching tool / Kathryn Hyer and Judith L. Howe -- Ethics and cultures of care / Russell Burck and Stanley Lapidos -- Professional attitudes toward end-of-life decision making / Eileen R. Chichin and Mathy D. Mezey -- Protecting the patient's voice on the team / Nancy L. Smith, Ernestine Kotthoff-Burrell, and Linda Farber Post -- Guarding patients' secrets : clinicians' responsibility to protect patient confidentiality / Ellen Olson -- Conflicting interests : dilemmas of family decision making for patients, families, and teams / Laurence B. McCullough ... [et al.] -- Refusing to comply : what do you do when the interdisciplinary team plan doesn't work? / Susan Kornblatt, Catherine Eng, and Kate O'malley -- Protecting patients : the special case of elder abuse and neglect / Carmel B. Dyer ... [et al.] -- Using ethics consultation to resolve team conflict / Nancy Dubler, Kathryn Hyer, and Terry T. Fulmer -- Avoiding the dark side of geriatric teamwork / Rosalie A. Kane -- Exploring responsibility, accountability, and authority in geriatric team performance / Phillip G. Clark and Theresa J.K. Drinka -- The locus of care and its effect on the presentation of ethical conundrums -- Steven K. Rothschild and Russell Burck -- Ethical dilemmas of team decisions in a cost-conscious environment / Joann Castle -- Duly compensated or compromised? : multiple providers and cross-institutional decision making / Kathryn Hyer, Lori A. Roscoe, and Bruce Robinson -- Transitions from setting to setting along the care continuum : the case for megateams / Judith L. Howe ... [et al.] -- Emerging ethical issues in geriatric team care / Peter J. Whitehouse.
|
| 520 |
|
|
|a This book is designed to teach effective and responsible group decision making to clinicians working in teams to treat older patients. The editors use case studies to present ethical dilemmas that team members encounter.
|
| 650 |
|
0 |
|a Geriatricians
|x Professional ethics.
|
| 650 |
|
0 |
|a Geriatrics.
|
| 650 |
|
0 |
|a Medical ethics.
|
| 650 |
1 |
2 |
|a Health Services for the Aged.
|
| 650 |
2 |
2 |
|a Ethics, Medical.
|
| 650 |
2 |
2 |
|a Patient Care Team.
|
| 650 |
2 |
2 |
|a Terminal Care.
|
| 700 |
1 |
|
|a Mezey, Mathy Doval.
|
| 945 |
|
|
|i PromptCat
|
| 948 |
|
|
|a cataloged
|b h
|c 2002/3/8
|d c
|e cmulkey
|f 1:01:40 pm
|
| 994 |
|
|
|a 92
|b TXA
|
| 999 |
|
|
|a MARS
|
| 999 |
f |
f |
|s 2fbf5a56-3f50-364b-8d0a-9b2020a4d46c
|i 3522b37a-4fe4-38b7-bb2d-fca6853b157a
|t 0
|
| 952 |
f |
f |
|p ric
|a Texas A&M University
|b Rellis Campus
|c Joint Library Facility
|d Remote Storage
|t 0
|e RC952.5 .E85 2002
|h Library of Congress classification
|i unmediated -- volume
|m A14828692721
|
| 998 |
f |
f |
|a RC952.5 .E85 2002
|t 0
|l Remote Storage
|